000 00872nam a22002297a 4500
999 _c17708
_d17708
003 AR-CdUCM
008 190226b ||||| |||| 00| 0 spa d
040 _aMUNICIPALIDAD PROVINCIAL DEL CUSCO
_cBIBLIOTECA MUNICIPAL DEL CUSCO
082 _a940.53 /
_bW48
100 _aWerner, Max.
_937852
245 _aLa Invasión de Europa /
260 _aMéxico :
_bNuevo mundo,
_c1943.
300 _a246 páginas
_c22 cm
505 _aContenido : La encrucijada de la decisión -- Como esta ganando la guerra la unión soviética -- El ejercito rojo no puede ser derrotado -- La invasión puede dar la victoria -- La victoria mediante el poder de coalición ...
650 _ahistoria
_93714
650 _ainvasión
_93715
650 _aguerra
_91007
650 _aFrancia
_91444
650 _acolonia británica
_93716
942 _2ddc
_cLIBROS
945 _arum
_d2019-05-09